[Event "Challenge"]
[Site "http://www.queenalice.com/game.php?id=1853602"]
[Date "2025.3.9"]
[Round "-"]
[White "Taurus"]
[Black "JORAM2205"]
[Result "0-1"]
[WhiteElo "2209"]
[BlackElo "2280"]

1. e4 c5 2. Nf3 d6 3. h3 Nc6 4. d4 cxd4 5. Nxd4 Bd7 6. Nc3 Nf6 7. Bc4 Qb6 8.
Nxc6 Bxc6 9. Nd5 Bxd5 10. Bxd5 e6 11. Bb3 Qb4+ 12. c3 Qxe4+ 13. Kf1 O-O-O 14.
Be3 Kb8 15. a4 d5 16. Bc2 Qc4+ 17. Bd3 Qc7 18. Qc2 Ne4 19. Bxe4 dxe4 20. Qxe4
Bc5 21. Bxc5 Qxc5 22. Qc2 Qg5 23. Rd1 Rxd1+ 24. Qxd1 Rd8 25. Qe1 Rd2 26. g3 Qd5
0-1

[Event "Challenge"]
[Site "http://www.queenalice.com/game.php?id=1853603"]
[Date "2025.3.9"]
[Round "-"]
[White "JORAM2205"]
[Black "Taurus"]
[Result "0-1"]
[WhiteElo "2290"]
[BlackElo "2210"]

1. e4 e5 2. Nf3 Nc6 3. Bb5 a6 4. Ba4 Nf6 5. O-O d6 6. Re1 Bg4 7. c3 Be7 8. d3 h6
9. h3 Bh5 10. Be3 O-O 11. Na3 Qd7 12. Bb3 Rad8 13. Nc4 Rfe8 14. a4 Nh7 15. Ncd2
Bg5 16. g4 Bxe3 17. Rxe3 Bg6 18. Nh4 Kh8 19. Ndf3 Ne7 20. Bc4 b5 21. axb5 axb5
22. Bb3 Ra8 23. Re2 c6 24. Kg2 f6 25. Rxa8 Rxa8 26. d4 Be8 27. dxe5 dxe5 28. Rd2
Qc7 29. Be6 Nf8 30. Bb3 c5 31. Nf5 Nxf5 32. exf5 c4 33. Bc2 Bc6 34. Qe2 Re8 35.
b3 e4 36. Kh1 exf3 37. Qd1 Nd7 38. bxc4 bxc4 39. Kg1 Nc5 40. Rd4 Bb5 41. Rd5 Re2
42. Rd8+ Kh7 43. Rd2 Qe5 44. Rxe2 fxe2 45. Qe1 Nd3 46. Bxd3 cxd3 47. Kg2 d2 48.
Qxd2 e1=Q 0-1

[Event "Challenge"]
[Site "http://www.queenalice.com/game.php?id=1857112"]
[Date "2025.5.11"]
[Round "-"]
[White "Harry28"]
[Black "JORAM2205"]
[Result "1-0"]
[WhiteElo "2288"]
[BlackElo "2290"]

1. e4 c5 2. Nf3 d6 3. d4 cxd4 4. Nxd4 Nf6 5. f3 e5 6. Nb3 Be6 7. c4 Be7 8. Be3
O-O 9. Be2 Qc7 10. N1d2 Nc6 11. O-O a6 12. a4 a5 13. Nc1 Rac8 14. b3 Nd4 15.
Bxd4 exd4 16. Nd3 Qd7 17. Nf4 Qc6 18. Nb1 Qc5 19. Bd3 b6 20. Na3 Qg5 21. g3 Qe5
22. Nc2 Qc5 23. Ne2 Nd7 24. Ncxd4 Bf6 25. Bc2 Bh3 26. Re1 Ne5 27. Kh1 Nc6 28.
Nxc6 Rxc6 29. Ra2 Qf2 30. Nf4 Bc3 31. Rg1 Bd7 32. e5 g6 33. Nd5 Bxe5 34. Rg2 Qc5
35. Ne7+ Kg7 36. Nxc6 Bxc6 37. Be4 Bxe4 38. fxe4 Re8 39. Qd3 f6 40. Rae2 Qd4 41.
Qxd4 Bxd4 42. g4 Rh8 43. Re1 h5 44. g5 fxg5 45. Rxg5 Rf8 46. Rd1 Bc5 47. Rgd5
Rf2 48. Rxd6 Bxd6 49. Rxd6 Rf6 50. Rd5 Rf4 51. e5 Rf3 52. Rb5 Re3 53. Rxb6 Rxe5
54. Rb5 Kf6 55. Rxe5 Kxe5 56. h4 Kd4 57. Kg2 Ke5 58. Kf3 Kf5 59. Kg3 Ke5 60. Kh2
Kf5 61. Kh3 Ke4 62. Kg3 Ke5 63. Kf3 Kf5 64. Ke3 Ke5 65. Ke2 Ke4 66. Kf2 Kf4 67.
Kg1 Ke4 68. Kh1 Kd4 69. Kh2 Ke4 70. Kh1 Kd4 71. Kg1 Kc5 72. Kh2 Kb4 73. Kg3 Kxb3
74. c5 Kxa4 75. c6 Kb5 76. c7 Kb6 77. c8=Q a4 78. Qc2 Kb5 79. Qb2+ Ka5 80. Kf4
Ka6 81. Kg5 Ka5 82. Kxg6 Ka6 83. Kxh5 1-0

[Event "Challenge"]
[Site "http://www.queenalice.com/game.php?id=1859065"]
[Date "2025.6.23"]
[Round "-"]
[White "JORAM2205"]
[Black "arvo1938"]
[Result "1-0"]
[WhiteElo "2276"]
[BlackElo "2340"]

1. d4 d5 2. c4 e6 3. Nc3 Bb4 4. Nf3 Nf6 5. Bg5 Nbd7 6. cxd5 exd5 7. Rc1 h6 8.
Bd2 c6 9. e3 O-O 10. Bd3 b5 11. O-O Bb7 12. Ne5 Nxe5 13. dxe5 Nd7 14. f4 Nb6 15.
b3 Ba3 16. Rc2 d4 17. Ne2 dxe3 18. Bxe3 Nd5 19. Bf2 Qe8 20. Be4 Rd8 21. Rd2 Bb4
22. Rd3 f6 23. Qa1 fxe5 24. fxe5 Nf4 25. Nxf4 Rxf4 26. Bg6 Qxg6 27. Rxd8+ Kh7
28. Rb8 Ba6 29. Qc1 Rf7 30. Rd8 c5 31. Rd6 Qe4 32. Rxa6 1-0